000 00949nam a2200289 i 4500
001 000007218
003 DO-SdBNP
005 20250916105832.0
007 ta
008 090907s2023 dr a 001 0 spa d
020 _a9789945222746
040 _aDO-SdBNP
_bspa
_cBNPHU
_erda
041 _aspa
082 4 _axxx
_bN714h
_222
100 _aNina Gómez, Carlos,
_eautor
_4aut.
_96492
245 1 0 _aHistoria imborrable :
_bgigantes del periodismo dominicano /
_cCarlos Nina Gómez ; corrección y prólogo, Juan Manuel García
264 1 _aSanto Domingo :
_bEditora Búho,
_c2023.
300 _a305 paginas. :
_bilustraciones ;
_c24 cm.
336 _atexto
_btxt
_2rdacontent
337 _asin mediación
_bn
_2rdamedia
338 _avolumen
_bnc
_2rdacarriaer
590 _aInventariado, 2023 / DG
650 4 _aMaestros
_917439
700 1 _aGarcía, Juan Manuel,
_ecorrector, prologuista
_4corr., pr.
_921032
910 _aDG
942 _2ddc
_cLBS1
999 _c53965
_d53965